Unamuno y Bilbao : (Record no. 115729)

MARC details
000 -LEADER
campo de control de longitud fija 00959nam a2200229 i 4500
001 - NÚMERO DE CONTROL
campo de control 115729
003 - IDENTIFICADOR DE NÚMERO DE CONTROL
campo de control ES-MaACL
005 - FECHA Y HORA DE LA ÚLTIMA TRANSACCIÓN
campo de control 20230906190538.0
007 - CAMPO FIJO DE DESCRIPCIÓN FÍSICA--INFORMACIÓN GENERAL
campo de control de longitud fija t|
008 - DATOS DE LONGITUD FIJA--INFORMACIÓN GENERAL
campo de control de longitud fija 070510s1967 sp ||||1| spa d
080 ## - NÚMERO DE LA CLASIFICACIÓN DECIMAL UNIVERSAL
Número de la Clasificación Decimal Universal 929 Unamuno, Miguel de
080 ## - NÚMERO DE LA CLASIFICACIÓN DECIMAL UNIVERSAL
Número de la Clasificación Decimal Universal 821.134.2 Unamuno, Miguel de 1.06
245 00 - MENCIÓN DEL TÍTULO
Título Unamuno y Bilbao :
Resto del título el centenario del nacimiento de Unamuno /
Mención de responsabilidad, etc. conferencias que se pronunciaron sobre diversos temas unamunianos en el curso organizado por la Junta de Cultura de Vizcaya en el año 1964, como homenaje a la memoria del hijo preclaro de nuestra Villa.
260 ## - PUBLICACIÓN, DISTRIBUCIÓN, ETC.
Lugar de publicación, distribución, etc. Bilbao :
Nombre del editor, distribuidor, etc. Junta de Cultura de Vizcaya,
Fecha de publicación, distribución, etc. 1967.
300 ## - DESCRIPCIÓN FÍSICA
Extensión 256 p. ;
Dimensiones 22 cm.
600 14 - PUNTO DE ACCESO ADICIONAL DE MATERIA--NOMBRE DE PERSONA
Nombre de persona Unamuno, Miguel de,
Fechas asociadas al nombre 1864-1936-
Subdivisión de forma Homenajes
9 (RLIN) 172371
600 14 - PUNTO DE ACCESO ADICIONAL DE MATERIA--NOMBRE DE PERSONA
Nombre de persona Unamuno, Miguel de,
Fechas asociadas al nombre 1864-1936-
Subdivisión general Biografías
9 (RLIN) 172375
710 2# - ENTRADA AGREGADA--NOMBRE DE ENTIDAD CORPORATIVA
Nombre de entidad corporativa o nombre de jurisdicción como elemento de entrada Junta de Cultura de Vizcaya.
9 (RLIN) 5386
852 4# - LOCALIZACIÓN
Ubicación ES-MaACL
Número de control de estantería C-32406
852 4# - LOCALIZACIÓN
Ubicación ES-MaACL
Número de control de estantería C-56509
Holdings
Estatus retirado Estado de pérdida Estado de daño No para préstamo Biblioteca de origen Biblioteca actual Ubicación en estantería Fecha de adquisición Fuente de adquisición Total de préstamos Signatura topográfica completa Código de barras Visto por última vez Precio de reemplazo Tipo de ítem Koha
        Biblioteca del Ateneo de Madrid Biblioteca del Ateneo de Madrid Depósito 2 21/06/2021     C-56509 1202594 23/02/2023 23/02/2023 Libro impreso
        Biblioteca del Ateneo de Madrid Biblioteca del Ateneo de Madrid Depósito 2 17/01/2008     C-32406 1120686 23/02/2023 23/02/2023 Libro impreso